000 00376nam a2200157Ia 4500
008 230711s9999||||xx |||||||||||||| ||und||
041 _aENG
082 _a624
_bTE-W
100 _aTebbutt,THY
245 0 _aBasic water and wastewater
250 _a1st Ed.
260 _c1990
_aNew York
_bButterworth-Heinemann Ltd
300 _a128
650 _aCivil Engineering
942 _cBK
999 _c788
_d788